000 00812nam a2200229 i 4500
001 17792
003 ES-MaACL
005 20250704062540.0
007 t|
008 010525s1978 sp |||| | spa d
080 _a061.21(460.27)Ateneo(091)
100 1 _aVillacorta Baños, Francisco
_9114913
245 1 3 _aEl Ateneo de Madrid, círculo de convivencia intelectual (1885-1913) /
_cFrancisco Villacorta Baños.
260 _aMadrid :
_bInstituto de Estudios Madrileños,
_c1978.
300 _a39 p. ;
_c24 cm.
530 _aDisponible en formato digital.
610 2 4 _aAteneo de Madrid-
_vHistoria
_91925
852 _aES-MaACL
_j2135-F-1
_cDEPOF
_zRevisado enlace: 20 de Abril de 2025
856 _uhttp://hdl.handle.net/10261/31169
_yDigital: CSIC
942 _2udc
999 _c17792
_d17792